University Home | Library Home | Institutional Repository

Biochemistry / (Record no. 216178)

MARC details
000 -LEADER
fixed length control field 00746 a2200241 4500
005 - DATE AND TIME OF LATEST TRANSACTION
control field 20260120133905.0
008 - FIXED-LENGTH DATA ELEMENTS--GENERAL INFORMATION
fixed length control field 220214b ||||| |||| 00| 0 eng d
020 ## - INTERNATIONAL STANDARD BOOK NUMBER
International Standard Book Number 9780716787242
040 ## - CATALOGING SOURCE
Original cataloging agency LC
Transcribing agency UNZA
Description conventions RDA
050 ## - LIBRARY OF CONGRESS CALL NUMBER
Classification number QP 514.2
Item number BIO 2006.
245 ## - TITLE STATEMENT
Title Biochemistry /
Statement of responsibility, etc. Jeremy M. Berg; John L. Tymoczko and Lubert Stryer .
250 ## - EDITION STATEMENT
Edition statement SIXth edition.
260 ## - PUBLICATION, DISTRIBUTION, ETC.
Place of publication, distribution, etc. New York :
Name of publisher, distributor, etc. W. H. Freeman and Company,
Date of publication, distribution, etc. 2006.
300 ## - PHYSICAL DESCRIPTION
Extent xxxv, 1026 pages [and various pages] :
Other physical details illustrations.
336 ## - CONTENT TYPE
CONTENT TYPE Text
337 ## - MEDIA TYPE
MEDIA TYPE Unmediated
338 ## - CARRIER TYPE
CARRIER TYPE Volume
504 ## - BIBLIOGRAPHY, ETC. NOTE
Bibliography, etc. note Includes bibliographical references and index.
650 ## - SUBJECT ADDED ENTRY--TOPICAL TERM
Topical term or geographic name entry element Biochemistry
General subdivision Textbooks.
700 ## - ADDED ENTRY--PERSONAL NAME
Personal name Tymoczko, John L.
700 ## - ADDED ENTRY--PERSONAL NAME
Personal name Stryer, Lubert.
999 ## -
-- 216178
-- 216178
942 ## - ADDED ENTRY ELEMENTS (KOHA)
Koha item type Book
Holdings
Withdrawn status Lost status Source of classification or shelving scheme Damaged status Not for loan Collection code Home library Current library Shelving location Date acquired Total Checkouts Full call number Barcode Date last seen Copy number Cost, replacement price Price effective from Koha item type
    Library of Congress Classification     Non-fiction Nursing Sciences Nursing Sciences On Shelf 01/20/2026   QP 514.2 BIO 2006. 33729004878612 01/20/2026 1 300.00 01/20/2026 Book
© 2026 - The University of Zambia Library - Koha v25.11